Ecologia y manejo del venado cola blanca en México y Costa Rica / (Registro nro. 1506)
[ vista simple ]
| 000 -CABECERA | |
|---|---|
| Campo de control | 01722cam a2200337 a 4500 |
| 005 - FECHA Y HORA DE LA ULTIMA TRANSACCION | |
| Campo de control | 20200107065251.0 |
| 008 - ELEMENTOS DE LONGITUD FIJA—INFORMACION GENERAL | |
| Campo de control | 950714s1994 cr ab b 101 0 spa |
| 020 ## - ISBN | |
| ISBN | 9977650772 |
| 040 ## - FUENTE DE CATALOGACIÓN | |
| Agencia catalogadora original | DLC |
| Agencia transcriptora | DLC |
| Agencia Modificadora | DLC |
| -- | CO-BoIAVH |
| 041 0# - IDIOMA | |
| Código de idioma para texto/pista de sonido o título separado | Español |
| Código de idioma del sumario o resumen/título o subtítulo sobreimpreso | eng |
| 082 00 - NUMERO DE CLASIFICACION DECIMAL DEWEY | |
| Número de clasificación | 599.652 |
| Número del ítem | E19e |
| 245 00 - MENCION DE TITULO | |
| Título | Ecologia y manejo del venado cola blanca en México y Costa Rica / |
| Mención de responsabilidad | Christopher Vaughan, Miguel A. Rodríguez (editores). |
| 260 ## - PUBLICACION, DISTRIBUCION, ETC. (PIE DE IMPRENTA) | |
| Lugar de publicación, distribución, etc. | Heredia : |
| Nombre del editor, distribuidor, etc. | Programa Regional en Manejo de Vida Silvestre, Universidad Nacional, |
| Fecha de publicación, distribución, etc. | [1994] |
| 300 ## - DESCRIPCION FISICA | |
| Extensión | 455 paginas. : |
| Otros detalles físicos | ilustraciones., mapas ; |
| Dimensiones | 21 x 16 cm. |
| 500 ## - NOTA GENERAL | |
| Nota general | La mayoría de los documentos se presentaron originalmente en el Primer Simposio Latinoamericano Sobre el Venado Cola Blanca, celebrada en Guadalajara, México, en mayo de 1990. |
| 504 ## - NOTA DE BIBLIOGRAFIA, ETC. | |
| Nota de bibliografía | Incluye referencias bibliográficas e índice |
| 546 ## - NOTA DE IDIOMA | |
| Nota de idioma | Resúmenes en español e Inglés. |
| 650 #0 - ASIENTO SECUNDARIO DE MATERIA - TERMINO TEMATICO | |
| Término temático o nombre geográfico como elemento de entrada | White-tailed deer |
| Subdivisión general | Ecology |
| Subdivisión geográfica | Mexico |
| Subdivisión de forma | Congresses. |
| 9 (RLIN) | 49527 |
| 650 #0 - ASIENTO SECUNDARIO DE MATERIA - TERMINO TEMATICO | |
| Término temático o nombre geográfico como elemento de entrada | Venado de cola blanca |
| 9 (RLIN) | 49528 |
| 650 #0 - ASIENTO SECUNDARIO DE MATERIA - TERMINO TEMATICO | |
| Término temático o nombre geográfico como elemento de entrada | White-tailed deer |
| Subdivisión general | Ecology |
| Subdivisión geográfica | Costa Rica |
| Subdivisión de forma | Congresses. |
| 9 (RLIN) | 49529 |
| 650 #6 - ASIENTO SECUNDARIO DE MATERIA - TERMINO TEMATICO | |
| Término temático o nombre geográfico como elemento de entrada | Odocoileus virginianus |
| 9 (RLIN) | 49308 |
| 650 #0 - ASIENTO SECUNDARIO DE MATERIA - TERMINO TEMATICO | |
| Término temático o nombre geográfico como elemento de entrada | Wildlife management |
| Subdivisión geográfica | Mexico |
| Subdivisión de forma | Congresses. |
| 9 (RLIN) | 49530 |
| 650 #0 - ASIENTO SECUNDARIO DE MATERIA - TERMINO TEMATICO | |
| Término temático o nombre geográfico como elemento de entrada | Wildlife management |
| Subdivisión geográfica | Costa Rica |
| Subdivisión de forma | Congresses. |
| 9 (RLIN) | 49531 |
| 650 #6 - ASIENTO SECUNDARIO DE MATERIA - TERMINO TEMATICO | |
| Término temático o nombre geográfico como elemento de entrada | ordenación de la vida silvestre |
| Subdivisión geográfica | Mexico |
| 9 (RLIN) | 49533 |
| 650 #6 - ASIENTO SECUNDARIO DE MATERIA - TERMINO TEMATICO | |
| 9 (RLIN) | 49532 |
| Término temático o nombre geográfico como elemento de entrada | Ordenación de la vida silvestre |
| Subdivisión geográfica | Costa Rica |
| 700 1# - ASIENTO SECUNDARIO - NOMBRE PERSONAL | |
| Nombre personal | Vaughan, Christopher, |
| Fechas asociadas con el nombre | 1949- |
| 9 (RLIN) | 49534 |
| 700 1# - ASIENTO SECUNDARIO - NOMBRE PERSONAL | |
| Nombre personal | Rodríguez Ramírez, Miguel. |
| 9 (RLIN) | 49535 |
| 710 2# - ASIENTO SECUNDARIO - NOMBRE CORPORATIVO | |
| Nombre corporativo o de jurisdicción como elemento de entrada | Universidad Nacional (Costa Rica). |
| Unidad subordinada | Programa de Manejo de Vida Silvestre. |
| 9 (RLIN) | 49536 |
| 711 2# - ASIENTO SECUNDARIO - NOMBRE DE REUNION | |
| Nombre de la reunión o nombre de la jurisdicción como elemento de entrada | Simposio Latinoamericano sobre el Venado Cola Blanca |
| Number of part/section/meeting | (1st : |
| Fecha de la reunión o firma del tratado | 1990 : |
| Lugar de la reunión | Guadalajara, Mexico) |
| 9 (RLIN) | 49537 |
| 942 ## - ELEMENTOS ADICIONALES (KOHA) | |
| Sistema de clasificación | Dewey Decimal Classification |
| Tipo de ítem | Libro |
| Koha issues (borrowed), all copies | 1 |
| Withdrawn status | Lost status | Sistema de Clasificación | Damaged status | No para préstamo | Colección | Inventariado | Ubicación Permanente | Ubicación actual | Fecha de adquisición | Fuente de Valor | Valor | Total Checkouts | Número topográfico | Inventario / Código de Barras | Date last seen | Date checked out | Ejemplar | Price effective from | Tipo de material |
|---|---|---|---|---|---|---|---|---|---|---|---|---|---|---|---|---|---|---|---|
| Dewey Decimal Classification | General | Inventariado 2017 | Bogotá | Bogotá | 29/09/1999 | Instituto | 39000.00 | 1 | LB-599.652 E19e | 003664 | 08/02/2016 | 08/02/2016 | Ej. 1 | 04/12/2012 | Libro |